| 000 | 00864nam a22001937a 4500 | ||
|---|---|---|---|
| 005 | 20260304102849.0 | ||
| 008 | 240815b ||||| |||| 00| 0 eng d | ||
| 082 | _aDPer 155.205 J826 April-June 2020 v. 118 n. 4-6 | ||
| 100 |
_aMrkva, Kellen. _eauthor. _957831 |
||
| 245 |
_aSalience theory of mere exposure : _brelative exposure increases liking, extremity, and emotional intensity / _cKellen Mrkva and Leaf Van Boven. |
||
| 260 |
_aWashington ; _bAmerican Psychological Association , _cJune 2020. |
||
| 300 |
_aVolume 118, pages 1118-1145 : _billustration ; _c28 cm. |
||
| 500 | _aJournal of Personality and Social Psychology, vol. 118, no. 6, pages 1118-1145, June 2020. | ||
| 650 |
_aAttitude (Psychology). _960305 |
||
| 650 |
_aEmotions. _960306 |
||
| 700 |
_aMrkva, Kellen. _eauthor. _957831 |
||
| 700 |
_aBoven, Leaf Van. _eauthor _957832 |
||
| 942 |
_2ddc _cPER |
||
| 999 |
_c20480 _d20480 |
||